000 00837nam a2200301 4500
001 002209849
003 DO-SdBNP
005 20180221091020.0
007 002209849
008 990716s1998 sp | ||| ||spa
016 7 _a
_2BPMSU
017 _a
_b
020 _a8434863553
035 _a
040 _aBPMSU
_bspa
_cBPMSU
_e
041 1 _aspa
_h
080 0 _a
100 1 _aLeavy, Una
240 1 0 _aNo shoes for Tom!
_lEspañol
245 1 0 _aTomás no quiere zapatos /
_cUna Leavy ; ilustraciones de Anne Decis ; traducción del inglés, P. Rozarena
_h
260 _aMadrid :
_bSM,
_c1998
300 _a58 p.:
_bil.,
_c20 cm.
490 _aEl barco de vapor.
_v76
830 _pEl barco de vapor.
_v76
942 _2ddc
_cBK
945 _ainventariado, 2018 / dg
956 _aVMATEO
_210
_320151217
_6BPMSU
_800151
999 _c9128
_d9128